000 nam a22 a 4500
999 _c2104
_d2104
003 AKMAL
005 20170515113515.0
008 170515s1986 xxua b 001 0 eng d
020 _a067520593X
040 _aAKMAL
082 0 4 _a361.32 DEV
090 _a361.32
_bDEV
100 1 _aDevore, Wynetta.
_94349
245 1 0 _aEthnic-sensitive social work practice /
_cWynetta Devore, Elfriede G. Schlesinger.
260 _aColumbus, Ohio :
_bC.E. Merrill,
_c1986
300 _axi, 285 p. :
_bill. ;
_c23 cm.
504 _aIncludes bibliographies
650 0 _aSocial work with minorities.
_94350
650 0 _aSocial work with minorities
_zUnited States.
_94351
700 1 _aSchlesinger, Elfriede G.
_94352
942 _2ddc
_cBOOK